Obras completas de Sigmund Freud : La interpretación de los sueños : primera parte : 1900 /

Gorde:
Xehetasun bibliografikoak
Egile nagusia: Freud, Sigmund (autor)
Beste egile batzuk: Strachey, James (comentarios) (comentarios), Freud, Anna (colaboración) (colaboración), Etcheverry, José Luis (traducción) (traducción)
Formatua: Liburua
Hizkuntza:gaztelania
Argitaratua: Buenos Aires, Argentina : Amorrortu, 1979, c1976
Gaiak:
Etiketak: Etiketa erantsi
Etiketarik gabe, Izan zaitez lehena erregistro honi etiketa jartzen!

MARC

LEADER 00000nam^a2200000^a^4500
001 000110999
005 20250521000000.0
009 20260310093815.515
020 |a 84-610-0504-X 
037 |a Acervo ITESO - Biblioteca 
041 |a ESP 
082 |a 150. 1952  |b FRE OBR AMO V. 4 
100 |a Freud, Sigmund  |e (autor) 
240 1 1 |a [Obras completas de Sigmund Freud] 
240 1 4 |a [La interpretación de los sueños] 
245 1 0 |a Obras completas de Sigmund Freud :  |b La interpretación de los sueños : primera parte : 1900 /  |c S. Freud ; comentarios de J. Strachey ; notas de A. Freud ; asistidos por Alix Strachey, Alan Tyson ; tr. por J.L. Etcheverry. 
264 4 |a Buenos Aires, Argentina :  |b Amorrortu,  |c 1979, c1976 
300 |a 343 p. 
336 |a texto  |b txt  |2 rdacontenido 
337 |a sin mediación  |b n  |2 rdamedio 
338 |a volumen  |b nc  |2 rdasoporte 
521 |a 2004 BO Maestría en Psicoterapia 
521 |a 2015 BO Maestría en Psicoterapia 
649 |a XX 
650 |a Interpretación de Sueños -  |x Tema Principal 
650 |a Sueños 
650 |a Inconsciente 
650 |a Fantasías Sexuales 
650 |a Sexualidad 
650 |a Simbolismo 
650 |a Psicopatología 
650 |a Psicoterapia 
650 |a Psicoanálisis 
650 |a Psicología Clínica 
740 3 |a La bibliografía científica sobre los problemas del sueño :  |b Relación del sueño con la vida de vigilia /  |c S. Freud. 
740 3 |a La bibliografía científica sobre los problemas del sueño :  |b El material del sueño : la memoria del sueño /  |c S. Freud. 
740 3 |a La bibliografía científica sobre los problemas del sueño :  |b Estímulos y fuentes del sueño /  |c S. Freud. 
740 3 |a La bibliografía científica sobre los problemas del sueño :  |b ¿Por qué olvidamos el sueño una vez despiertos? /  |c S. Freud. 
740 3 |a La bibliografía científica sobre los problemas del sueño :  |b Las particularidades psicológicas del sueño /  |c S. Freud. 
740 3 |a La bibliografía científica sobre los problemas del sueño :  |b Los sentimientos éticos del sueño /  |c S. Freud. 
740 3 |a La bibliografía científica sobre los problemas del sueño :  |b Teorías sobre el sueño y función del sueño /  |c S. Freud. 
740 3 |a La bibliografía científica sobre los problemas del sueño :  |b Relaciones entre el sueño y las enfermedades mentales /  |c S. Freud. 
740 3 |a El método de la interpretación de los sueños :  |b análisis de un sueño paradigmático /  |c S. Freud. 
740 3 |a El sueño es un cumplimento de deseo /  |b El despertar del sueño, la función del sueño, el sueño de angustia /  |c S. Freud. 
740 3 |a La desfiguración onírica /  |b El proceso primario y el proceso secundario : la represión /  |c S. Freud. 
740 3 |a El material y las fuentes del sueño :  |b Lo reciente y lo indiferente en el sueño /  |c S. Freud. 
740 3 |a El material y las fuentes del sueño :  |b Lo infantil como fuente de los sueños /  |c S. Freud. 
740 3 |a El material y las fuentes del sueño :  |c S. Freud.  |b Las fuentes somáticas del sueño / 
740 3 |a El material y las fuentes del sueño :  |b Sueños típicos /  |c S. Freud. 
740 3 |a El trabajo del sueño :  |b El trabajo de condensación /  |c S. Freud. 
740 3 |a El trabajo del sueño :  |b El trabajo de desplazamiento /  |c S. Freud. 
740 3 |a El trabajo del sueño :  |b Los medios de figuración del sueño /  |c S. Freud. 
700 |a Strachey, James  |e (comentarios) 
700 |a Freud, Anna  |e (colaboración) 
700 |a Etcheverry, José Luis  |e (traducción) 
910 |a Fondo Armando Suárez Gómez 
920 |a Impresos - Libros 
930 |a Fondos Especiales 
905 |a 111 
901 |a 0700002210  |b IT2  |c ESP  |u 20250521 
902 |a https://opac.biblio.iteso.mx/vufind/Record/000110999